| 000 | 00997nam0a22002531 4500 | ||
|---|---|---|---|
| 001 | rc\2292850 | ||
| 005 | 20260407103023.0 | ||
| 035 | _a(NLR Aleph) 006466548 | ||
| 090 |
_a5890886 _c5890886 |
||
| 100 | _a20110829d1977 |||y0rusy50 ca | ||
| 101 | 0 | _arus | |
| 102 | _aRU | ||
| 105 | _ay z ||||| | ||
| 200 | 1 |
_aПлан работы и тезисы докладов _fАН ГССР. Координац. совет по фольклору при отд-нии яз. и литературы АН ГССР. XVI науч. конф. |
|
| 210 |
_aТбилиси _cМецниереба _d1977 |
||
| 215 |
_a34 с. _d20 |
||
| 300 | _aТекст на рус. и груз. яз. | ||
| 710 | 0 | 2 |
_aАН ГССР _cТбилиси _bКоординационный совет по фольклору _bНаучная конференция _d16 _f1977 _3RU\NLR\AUTH\8810058028 _9617060 |
| 801 | 0 |
_aRU _bNLR _gpsbo |
|
| 801 | 1 |
_aRU _bELAR _2rusmarc |
|
| 852 |
_aNLR _bОНЛ |
||
| 942 | _cBOOK | ||
| 980 | _aNB | ||